[Event "IV Niterói Chess Open 2024"]
[Site "Rio de Janeiro"]
[Date "2024.08.29"]
[Round "2"]
[Board "54"]
[White "De Almeida, Roberto A. Ferreira"]
[Black "Soares, Bruno Marins"]
[Result "0-1"]
[WhiteElo "1775"]
[BlackElo "1800"]
[Annotator "Chessbase"]
[PlyCount "104"]
[EventDate "2024.08.28"]
[EventRounds "7"]
[EventCountry "BRA"]

1. e4 c5 2. Bc4 e6 3. Nc3 a6 4. a4 Nc6 5. Nf3 Nf6 6. d3 Be7 ({RR} 6... d5 7. exd5 exd5 8. Bb3 Be7 9. O-O O-O 10. Bg5 Be6 11. Re1 h6 12. Bh4 Re8 13. Bg3 c4 14. dxc4 dxc4 15. Ba2 Bb4 16. Ne5 Bxc3 17. bxc3 Qxd1 18. Raxd1 Nxe5 19. Bxe5 Nd7 20. a5 Nxe5 21. Rxe5 {0-1 Mercado Garcia,F (2102)-Felgaer,R (2577) American Continental 07th 2011 (1)}) 7. Bg5 ({RR} 7. h3 h6 8. O-O O-O 9. Bf4 d5 10. exd5 exd5 11. Bb3 Be6 12. Ne2 b5 13. axb5 axb5 14. c3 c4 15. dxc4 dxc4 16. Qxd8 Rfxd8 17. Bc2 Bd5 18. Nfd4 Nxd4 19. Nxd4 b4 20. f3 b3 21. Rxa8 Rxa8 {0-1 Osmanova,A-Kireeva,L (1839) RUS-ch Silent (Women) 2022 (2)}) 7... d5 $146 ({RR} 7... h6 8. Bxf6 Bxf6 9. O-O O-O 10. Qd2 b6 11. Rae1 Qc7 12. Re3 Ne5 13. Rfe1 Bb7 14. g3 Rad8 15. Bb3 d5 16. exd5 Nxf3+ 17. Rxf3 exd5 18. Rf5 Qd7 19. Rh5 Qg4 20. Rxh6 gxh6 21. Qxh6 Bxc3 22. bxc3 {0-1 Veloz Jesus,S-Muratet Carmona,A (1655) Palma de Mallorca (Women) 1st 2021 (1)}) 8. exd5 exd5 9. Bxf6 dxc4 10. Bxe7 Qxe7+ 11. Qe2 cxd3 12. Qxe7+ Kxe7 13. cxd3 Rd8 14. O-O Rxd3 15. Rfe1+ Kf8 16. Ne5 Nxe5 17. Rxe5 c4 18. Rae1 Be6 19. Ne4 Rd5 20. Nc5 Rxe5 21. Rxe5 Rd8 22. Kf1 Bd5 23. f4 f6 24. Ne6+ Bxe6 25. Rxe6 Kf7 26. Rb6 Rd7 27. Ke2 Kg6 28. g4 h5 29. h3 h4 30. Rb4 Rc7 31. Ke3 c3 32. bxc3 Rxc3+ 33. Ke4 Rxh3 34. Rxb7 Ra3 35. f5+ Kh6 36. g5+ Kxg5 37. Rxg7+ Kh6 38. Rg6+ Kh7 39. Rxf6 Rxa4+ 40. Kf3 a5 41. Rg6 Rb4 42. Rg1 Rb3+ 43. Kf4 h3 44. f6 h2 45. Rh1 Rb2 46. Kf5 Kg8 47. Ke6 Kf8 48. f7 a4 49. Rc1 Rb6+ 50. Kd5 Kxf7 51. Ke5 Rh6 52. Rh1 a3 0-1

[Event "IV Niterói Chess Open 2024"]
[Site "Rio de Janeiro"]
[Date "2024.08.28"]
[Round "1"]
[Board "49"]
[White "Peixoto, Helio Ricardo Soutinho"]
[Black "De Abreu, Luiza Reis Rodrigues"]
[Result "1-0"]
[WhiteElo "1937"]
[BlackElo "1591"]
[Annotator "Chessbase"]
[PlyCount "35"]
[EventDate "2024.08.28"]
[EventRounds "7"]
[EventCountry "BRA"]

1. e4 c5 2. d4 cxd4 3. c3 e5 4. cxd4 ({RR} 4. Nf3 Nc6 5. Bc4 Qc7 6. O-O Nf6 7. Ng5 Nd8 8. Qb3 Ne6 9. f4 exf4 10. Bxe6 dxe6 11. cxd4 h6 12. Bxf4 Qb6 13. Qxb6 axb6 14. Nf3 Nxe4 15. Bc7 Bd6 16. Bxb6 Ra6 17. Rc1 Bd7 18. Bc7 O-O {0-1 Hedke,F (2376)-Klundt,K (2407) Bundesliga 9900 1999 (14.8)}) 4... Bb4+ 5. Nc3 ({RR} 5. Bd2 Bxd2+ 6. Qxd2 exd4 7. Nf3 Nc6 8. Nxd4 Nf6 9. Nxc6 dxc6 10. Qxd8+ Kxd8 11. Nc3 Re8 12. O-O-O+ Kc7 13. f3 Be6 14. Bd3 b5 15. a3 Nd7 16. f4 f6 17. Rhe1 Nc5 18. Bc2 a5 19. e5 f5 {1-0 Tiarks,J (2207)-Chabris,C (2078) Titled Tue 23rd Jan Early 2024 (5)}) 5... d6 6. d5 $146 ({RR} 6. dxe5 dxe5 7. Qxd8+ Kxd8 8. Bd2 Nf6 9. Bd3 Nc6 10. a3 Ba5 11. h3 Be6 12. Nf3 Ke7 13. O-O Rad8 14. Bc2 Nd4 15. Nxd4 exd4 16. Nd5+ Bxd5 17. Bxa5 b6 18. Bb4+ Ke6 19. exd5+ Nxd5 20. Rfe1+ Kf6 {1-0 Parasuraman,S-Martin Del Campo C,R (2386) US Open-114 Middleton 2013 (9)}) ({RR} 6. Qa4+ Nc6 7. d5 Bxc3+ 8. bxc3 Qa5 9. Qxa5 Nxa5 10. Ba3 Ke7 11. Bb4 b6 12. Bxa5 bxa5 13. Rb1 Nf6 14. f3 Bd7 15. Bd3 Rhb8 16. Rb3 a4 17. Ra3 Rb2 18. Ne2 Ne8 19. Kf2 Nc7 20. Rc1 Rab8 {0-1 Bluhm,G (1793)-Ebert,L (1609) Berlin-ch Seniors op 33rd 2017 (2)}) 6... Nf6 7. Qa4+ Nbd7 8. Qxb4 Nc5 9. Bg5 a6 10. a4 O-O 11. Nf3 Bg4 12. Nxe5 dxe5 13. Qxc5 Rc8 14. Qe3 Qd6 15. Be2 Bd7 16. O-O Ne8 17. f4 f5 18. fxe5 1-0

[Event "IV Niterói Chess Open 2024"]
[Site "Rio de Janeiro"]
[Date "2024.08.29"]
[Round "3"]
[Board "46"]
[White "Correa, Leonardo D`avila"]
[Black "Dos Santos, Thiago L Verbicario"]
[Result "1-0"]
[WhiteElo "1677"]
[BlackElo "1897"]
[Annotator "Chessbase"]
[PlyCount "71"]
[EventDate "2024.08.28"]
[EventRounds "7"]
[EventCountry "BRA"]

1. e4 c5 2. d4 cxd4 3. Qxd4 Nc6 4. Qe3 Nf6 5. Nc3 d6 6. Bd2 e6 ({RR} 6... g6 7. Nd5 Bg7 8. Bc3 Be6 9. Nxf6+ Bxf6 10. Bxf6 exf6 11. Nf3 O-O 12. O-O-O Qa5 13. a3 Rfd8 14. h4 h5 15. Bd3 b5 16. Qh6 b4 17. e5 bxa3 18. exf6 axb2+ 19. Kxb2 Rab8+ 20. Kc1 Qa1+ 21. Kd2 {0-1 Liu,C (2278)-Andreikin,D (2729) Titled Tue 4th Jul Early 2023 (3)}) ({RR} 6... g6 7. O-O-O Bg7 8. h4 h5 9. Nf3 Ng4 10. Qe1 Qb6 11. Be3 Nxe3 12. fxe3 Be6 13. Ng5 Bxa2 14. b3 Bxb3 15. cxb3 Qxb3 16. Qf2 Qxc3+ 17. Qc2 Qxe3+ 18. Kb1 O-O 19. Bc4 Nb4 20. Qa4 Qc3 21. Qb3 {0-1 Liu,C (2280)-Bauml,B (2071) Titled Tue 27th Feb Late 2024 (5)}) 7. Be2 Be7 8. O-O-O O-O $146 ({RR} 8... a6 9. f4 Qc7 10. g4 b5 11. g5 Nd7 12. f5 Nde5 13. Nh3 b4 14. Na4 exf5 15. Nb6 Rb8 16. Nxc8 Qxc8 17. exf5 Qxf5 18. Rhf1 Qe6 19. b3 a5 20. Nf4 Bxg5 21. Nxe6 Bxe3 22. Nxg7+ Kf8 23. Bxe3 {1-0 Perez Arroyave,D (1906)-Restrepo,H (1683) Medellin Castro Memorial 2015 (3)}) 9. f4 a6 10. g4 d5 11. exd5 exd5 12. g5 d4 13. Qg3 dxc3 14. gxf6 cxb2+ 15. Kb1 Bxf6 16. Bc3 Qe7 17. Bc4 Bxc3 18. Qxc3 Qb4 19. Ne2 Bf5 20. Rhg1 Qxc3 21. Nxc3 Nb4 22. Bb3 Rac8 23. Kxb2 Rc7 24. a3 Nc6 25. Nd5 Rcc8 26. Rg5 g6 27. Rdg1 Kh8 28. h4 f6 29. R5g3 Nd4 30. Re3 Nxc2 31. Re7 Nd4 32. Rge1 Rc5 33. Rxb7 Nxb3 34. Ree7 g5 35. Nxf6 Nd4 36. Rxh7+ 1-0

[Event "IV Niterói Chess Open 2024"]
[Site "Rio de Janeiro"]
[Date "2024.08.28"]
[Round "1"]
[Board "40"]
[White "Correa, Leonardo D`avila"]
[Black "De Oliveira, Yuri Garcia"]
[Result "0-1"]
[WhiteElo "1677"]
[BlackElo "1964"]
[Annotator "Chessbase"]
[PlyCount "64"]
[EventDate "2024.08.28"]
[EventRounds "7"]
[EventCountry "BRA"]

1. e4 c5 2. d4 cxd4 3. Qxd4 Nc6 4. Qe3 Nf6 5. Nc3 d5 6. exd5 Nxd5 7. Nxd5 Qxd5 8. Nf3 ({RR} 8. Qb3 Qxb3 9. axb3 Bf5 10. c3 e5 11. Bb5 Bd6 12. Nf3 Ke7 13. Be3 a6 14. Bxc6 bxc6 15. Nd2 Bd3 16. b4 Rhb8 17. Nb3 f5 18. O-O-O e4 19. Rhe1 a5 20. Nxa5 Kd7 21. Nb3 Ra2 22. g3 Kc8 {1-0 Liu,C (2280)-Velikanov,A (2387) Titled Tue 27th Feb Early 2024 (6)}) 8... g6 $146 ({RR} 8... e5 9. Bd2 Bc5 10. Qd3 Qe6 11. Ng5 Qf6 12. O-O-O Bf5 13. Qd5 Bxf2 14. Bc4 O-O 15. Qf3 Bh4 16. Rhf1 Nd4 17. Qh5 Bxg5 18. Bxg5 Qc6 19. Be7 Qxc4 20. Bxf8 Qxc2# {0-1 Faskhutdinova,L-Asadullin,I Chishmy 2013 (9)}) ({RR} 8... Bf5 9. c3 e5 10. Be2 Bc5 11. Qg5 Bd3 12. Bxd3 Qxd3 13. Bd2 O-O 14. O-O-O Bxf2 15. Rhf1 Nb4 16. cxb4 Rac8+ 17. Bc3 Be3+ 18. Rd2 {0-1 Demchuk,V-Ivanova,S (2268) Mariupol op 2003 (9)}) ({RR} 8... e5 9. Be2 Bd6 10. O-O O-O 11. b3 Bg4 12. Qg5 Qe6 13. Bb2 h6 14. Qe3 Rfe8 15. Rfe1 Nb4 16. Bd3 Nxd3 17. Qxd3 f6 18. Nd4 Qd7 19. Nb5 Bb8 20. Qxd7 Bxd7 21. a4 a6 22. Na3 Ba7 23. Rad1 {0-1 Aguilar,J (1600)-Gomez V,D (1757) COL-ch Boyaca 2022 (4)}) 9. Qc3 e5 10. a3 Bg7 11. Bc4 Qd6 12. Qb3 O-O 13. Ng5 Qe7 14. Bd2 h6 15. Ne4 Nd4 16. Qd3 a5 17. c3 Nf5 18. g4 Rd8 19. Qh3 b5 20. Bxf7+ Qxf7 21. gxf5 Bxf5 22. Qf3 Qd5 23. Nf6+ Bxf6 24. Qxd5+ Rxd5 25. Bxh6 Rad8 26. Rg1 Kf7 27. Ke2 a4 28. Be3 Rh8 29. Rg2 Rh3 30. f3 Bd3+ 31. Kf2 Bh4+ 32. Kg1 Rxf3 0-1

[Event "IV Niterói Chess Open 2024"]
[Site "Rio de Janeiro"]
[Date "2024.08.31"]
[Round "6"]
[White "Motta, Vinicius Araujo Dia"]
[Black "Pereira, Arthur Macedo"]
[Result "1/2-1/2"]
[WhiteElo "1736"]
[BlackElo "1940"]
[Annotator "Chessbase"]
[PlyCount "92"]
[EventDate "2024.08.28"]
[EventRounds "7"]
[EventCountry "BRA"]

1. e4 c5 2. d4 cxd4 3. c3 d3 4. Bxd3 Nc6 5. Nf3 g6 6. O-O Bg7 7. Qe2 d6 8. h3 Nf6 9. Rd1 Qc7 10. Be3 ({RR} 10. Na3 a6 11. Be3 b5 12. Nc2 O-O 13. a4 Rb8 14. axb5 axb5 15. Bxb5 Nxe4 16. Bxc6 Qxc6 17. Ba7 Rxb2 18. Nfd4 Bxd4 19. Bxd4 e5 20. f3 Ng3 21. Qf2 exd4 22. Nxd4 Rxf2 23. Nxc6 Rc2 24. Rxd6 Rxc3 {0-1 Kwiatkowski,M-Chinguun,S (2377) 57th Biel Rapid Open 2024 (5.21)}) 10... O-O 11. Na3 a6 12. Rac1 $146 ({RR} 12. Nc4 Nd7 13. a4 Nce5 14. Nfxe5 Bxe5 15. Nxe5 Nxe5 16. Bh6 Rd8 17. Bc2 Be6 18. Qd2 f6 19. b3 Rac8 20. c4 d5 21. exd5 Bxd5 22. Qe3 Bc6 23. Qg3 Rxd1+ 24. Rxd1 Nf7 25. Bf4 e5 26. Be3 Kg7 {0-1 Lengyel,L (2022)-Boda,I HUN-chT2 Barcza 0506 2005 (10)}) 12... b5 13. Nc2 Rb8 14. Ncd4 Nd7 15. Nxc6 Qxc6 16. Nd4 Qa8 17. f4 Bb7 18. Bf2 Nc5 19. Re1 Bh6 20. Bg3 Nxd3 21. Qxd3 Rbc8 22. Rc2 Rfe8 23. f5 Rc5 24. Rce2 Bg7 25. Bf2 Rc4 26. b3 Rc7 27. Kh2 Rec8 28. Rc2 Be5+ 29. Bg3 Bxg3+ 30. Kxg3 Rc5 31. Nf3 Qb8 32. Kf2 Qc7 33. Re3 b4 34. c4 d5 35. exd5 Rxd5 36. Qe2 Rd7 37. Rd2 Rcd8 38. Rxd7 Rxd7 39. Rd3 Rxd3 40. Qxd3 e5 41. Qd2 e4 42. Nd4 Qe5 43. Qe3 Qa5 44. Qd2 e3+ 45. Qxe3 Qxa2+ 46. Ne2 Qb2 1/2-1/2

[Event "IV Niterói Chess Open 2024"]
[Site "Rio de Janeiro"]
[Date "2024.08.29"]
[Round "2"]
[Board "57"]
[White "Vaz, Vania Dora Madona"]
[Black "Oliveira, Olavo Tadeu Carvalho"]
[Result "0-1"]
[WhiteElo "1502"]
[BlackElo "1751"]
[Annotator "Chessbase"]
[PlyCount "66"]
[EventDate "2024.08.28"]
[EventRounds "7"]
[EventCountry "BRA"]

1. e4 c5 2. c3 Nf6 3. e5 Nd5 4. Nf3 e6 5. Bc4 Nb6 6. Bb3 d6 7. d4 cxd4 8. cxd4 Nc6 9. O-O Be7 10. Be3 O-O 11. Nbd2 ({RR} 11. Nc3 d5 12. a3 Nd7 13. Bc2 f6 14. Qd3 f5 15. g4 Nb6 16. Kh1 Nc4 17. Bc1 g6 18. gxf5 Rxf5 19. b3 Rxf3 20. Qxf3 Nxd4 21. Qd3 Nxc2 22. Qxc2 Nxe5 23. Rg1 Bf6 24. Bh6 Bd7 25. Rg3 Bc6 {0-1 Cuentas Molina,A (1356)-Gareca Ordonez,C (1633) Zubieta Baptista Mem 2023 (4.25)}) 11... Nd5 12. exd6 Bxd6 13. Ne4 Be7 $146 ({RR} 13... Nc7 14. Qe2 b6 15. Rad1 Bb7 16. Bc2 Nb4 17. Nxd6 Qxd6 18. Bxh7+ Kxh7 19. Ng5+ Kg6 20. d5 Nbxd5 21. Ne4 Qe5 22. Qg4+ Kh7 23. Bd4 f5 24. Qh4+ Kg8 25. Ng5 {1-0 Aliyev,R (2295)-Namgilov,S (2430) Polanica Zdroj op 1998}) 14. Qe2 b6 15. a3 Bb7 16. Rac1 Rc8 17. Bd2 Nf6 18. Bc3 Nxe4 19. Bc2 Nxc3 20. bxc3 Bxa3 21. Qd3 g6 22. Rcd1 Na5 23. Rfe1 Bd6 24. Ne5 Bxe5 25. Rxe5 Nc4 26. Rh5 Qf6 27. Qg3 Qg7 28. Rg5 Rfd8 29. h4 Rd5 30. Be4 Rxg5 31. Qxg5 Bxe4 32. Ra1 a5 33. f3 Bd5 0-1

[Event "IV Niterói Chess Open 2024"]
[Site "Rio de Janeiro"]
[Date "2024.08.31"]
[Round "6"]
[White "De Oliveira, Tobias Luiz Carvalh"]
[Black "Soares, Bruno Marins"]
[Result "1/2-1/2"]
[WhiteElo "1731"]
[BlackElo "1800"]
[Annotator "Chessbase"]
[PlyCount "63"]
[EventDate "2024.08.28"]
[EventRounds "7"]
[EventCountry "BRA"]

1. e4 c5 2. Nf3 e6 3. c3 d5 4. exd5 Qxd5 5. d4 Nf6 6. Be2 Be7 7. O-O O-O 8. h3 Nbd7 ({RR} 8... Nc6 9. Be3 b6 10. c4 Qd8 11. Nc3 cxd4 12. Nxd4 Nxd4 13. Qxd4 Bb7 14. Qxd8 Rfxd8 15. Rfd1 Bc6 16. Bf3 Bxf3 17. gxf3 Nd7 18. Kg2 Bf6 19. Bd4 Kf8 20. Bxf6 Nxf6 21. f4 Ke7 22. Kf3 g6 23. b3 {½-½ Wan Yunguo (2497)-Dai,C (2496) ch-CHN 2023 Xinghua CHN (3.4)}) 9. Be3 Rd8 ({RR} 9... cxd4 10. cxd4 Nb6 11. Nc3 Qd6 12. Bd3 Bd7 13. Rc1 Rac8 14. Ne5 Bc6 15. Bb1 Nbd5 16. Bg5 h6 17. Bh4 Nf4 18. Nxc6 Qxc6 19. d5 Qc4 20. Bxf6 Bxf6 21. Qg4 Bxc3 22. Kh1 Nxh3 23. Qxh3 {1-0 Breuil,V (2251)-Tarnowska,A (1885) Titled Tue 13th Aug Early 2024 (7)}) 10. Nbd2 $146 ({RR} 10. c4 Qc6 11. Qc2 a6 12. a4 Qc7 13. Nbd2 cxd4 14. Bxd4 b6 15. Rac1 Bb7 16. Rfd1 Bd6 17. Be3 Rac8 18. Ne1 Ne5 19. Qb3 Nfd7 20. Ndf3 Nc5 21. Qa2 Nc6 22. Nc2 Bf4 23. Rxd8+ Rxd8 24. Rd1 Rxd1+ {0-1 Gouma,R-Sax,G (2570) Haarlem AKN op 02nd 1993 (1)}) ({RR} 10. Qc2 cxd4 11. cxd4 Bb4 12. Rd1 Qd6 13. Ne5 Nd5 14. Nd2 Nxe3 15. fxe3 Bxd2 16. Rxd2 {0-1 Werner,A-Josting,F (2026) EU-ch Seniors 07th 2007 (5)}) ({RR} 10. Qc2 cxd4 11. cxd4 a6 12. Nc3 Qd6 13. a3 b6 14. Ne4 Qb8 15. Nxf6+ Nxf6 16. Ne5 Bb7 17. Bf3 Bxf3 18. Nxf3 Qb7 19. Rac1 Rac8 20. Qd3 b5 21. Rfd1 Nd5 22. Bd2 Rxc1 23. Rxc1 Rc8 24. Rc2 Rc7 {½-½ Lopes,R (1874)-Rodrigues,L (2028) Sao Bernardo do Campo LXSBC op 4th 2012 (5)}) 10... b6 11. Ne1 e5 12. c4 Qd6 13. d5 Nf8 14. Nb1 Ng6 15. Nc3 a6 16. Bf3 Bf5 17. Be2 Re8 18. Nc2 Bd8 19. Qd2 Bc7 20. g3 Bxh3 21. Rfe1 e4 22. Bf1 Nh4 23. Be2 Nf3+ 24. Bxf3 exf3 25. Bf4 Qd7 26. Bxc7 Bg2 27. Rxe8+ Rxe8 28. Qf4 Qh3 29. Qh4 Qf5 30. Ne1 g5 31. Qh6 Ng4 32. Qh5 1/2-1/2

[Event "IV Niterói Chess Open 2024"]
[Site "Rio de Janeiro"]
[Date "2024.08.29"]
[Round "3"]
[Board "36"]
[White "Peixoto, Helio Ricardo Soutinho"]
[Black "Lourenco, Valerio Dos Santos"]
[Result "1-0"]
[WhiteElo "1937"]
[BlackElo "1731"]
[Annotator "Chessbase"]
[PlyCount "87"]
[EventDate "2024.08.28"]
[EventRounds "7"]
[EventCountry "BRA"]

1. e4 c5 2. d4 cxd4 3. c3 Nc6 4. cxd4 a6 5. Nc3 ({RR} 5. Nf3 d6 6. Nc3 Bg4 7. Be2 g6 8. O-O Bg7 9. Be3 e6 10. Qd2 Nge7 11. h3 Bxf3 12. Bxf3 d5 13. e5 Nf5 14. Rad1 O-O 15. a4 Rc8 16. g3 Na5 17. Be2 Qb6 18. Kg2 Nc4 19. Bxc4 Rxc4 {½-½ Schmidt,A (1821)-Koenig,T (1679) Sachsen-Anhalt Landesliga-B 1920 2019 (9.4)}) 5... d6 6. Bc4 e6 7. Nf3 Nf6 $146 ({RR} 7... b5 8. Bb3 Bb7 9. O-O Be7 10. Be3 Nf6 11. d5 Na7 12. dxe6 fxe6 13. Bxe6 Bxe4 14. Nxe4 Nxe4 15. Bd5 Rc8 16. Bxe4 Nc6 17. Nd4 Nxd4 18. Bxd4 Bf6 19. Bxf6 Qxf6 20. Bb7 Rc7 21. Bxa6 Qxb2 22. Qb3 {1-0 Fukowski,P-Wojcik,J Polanica Zdroj op-E 44th 2008 (7)}) 8. Bg5 Be7 9. Bb3 b5 10. a3 Bb7 11. O-O Na5 12. Bc2 h6 13. Bh4 O-O 14. Qd3 g6 15. Rfe1 Qc7 16. e5 Nd5 17. Bxe7 Qxe7 18. Ne4 dxe5 19. Nxe5 f5 20. Nc5 Nf4 21. Qg3 g5 22. Ned3 Kh8 23. Nxf4 gxf4 24. Qxf4 Qg7 25. Nxb7 Nxb7 26. Rxe6 Rf6 27. Rae1 Rg8 28. g3 Qg6 29. Qe5 Rgf8 30. Rxf6 Qxf6 31. Bxf5 Nd6 32. Bd3 Rf7 33. f4 Kg8 34. Qxf6 Rxf6 35. Re7 Nf7 36. d5 Kf8 37. Re6 Rxe6 38. dxe6 Nd8 39. f5 Nc6 40. f6 Ne5 41. Be4 h5 42. b3 b4 43. a4 Ke8 44. Kf2 1-0

[Event "IV Niterói Chess Open 2024"]
[Site "Rio de Janeiro"]
[Date "2024.08.29"]
[Round "3"]
[Board "49"]
[White "Santana, Leandro Aurelio Da S"]
[Black "Sarmento, Flora Ferreira"]
[Result "0-1"]
[WhiteElo "1845"]
[BlackElo "1608"]
[Annotator "Chessbase"]
[PlyCount "82"]
[EventDate "2024.08.28"]
[EventRounds "7"]
[EventCountry "BRA"]

1. e4 c5 2. Nf3 Nc6 3. c3 e5 4. d4 cxd4 5. cxd4 exd4 6. Nxd4 Bc5 7. Be3 ({RR} 7. Nf5 d5 8. Nxg7+ Kf8 9. Nh5 Qh4 10. Ng3 Nf6 11. Be2 Nxe4 12. Nxe4 dxe4 13. g3 Qf6 14. Be3 Bxe3 15. fxe3 Qxb2 16. O-O Bh3 17. Rf4 Qxa1 18. Qb3 Qg7 19. Nc3 Re8 20. Qxb7 Nd8 21. Qb4+ Kg8 {0-1 Vittorino,C (2343)-Ossa,O (2314) San Andres sub-zt 2.3.4 2008 (5)}) ({RR} 7. Nf5 g6 8. Nd6+ Kf8 9. Nc4 Qe7 10. Nc3 Nf6 11. Bg5 h6 12. Bxf6 Qxf6 13. Qd2 Ne7 14. Bd3 d6 15. O-O Be6 16. a3 Rc8 17. Rac1 Kg7 18. Nb5 Rhd8 19. b4 Bxc4 20. Bxc4 Bb6 21. a4 a6 {1-0 Owezdurdiyeva,J (2116)-Zienkiewicz,J (2302) Titled Tue 6th Aug Early 2024 (6)}) 7... Qe7 8. Nc3 Nxd4 $146 ({RR} 8... a6 9. Bd3 Nxd4 10. Bxd4 Bxd4 11. Nd5 Qd8 12. Qc2 Qa5+ 13. Nc3 Bxc3+ 14. bxc3 Ne7 15. O-O O-O 16. Rfe1 g6 17. Re3 Nc6 18. Rf1 d6 19. f4 Qc5 20. Rff3 f5 21. Kh1 Be6 22. Qb2 b5 23. Rh3 {0-1 Volkova,A-Kashtanova,E Uljanovsk-ch U26 op 2013 (3)}) 9. Bxd4 Nf6 10. Bxc5 Qxc5 11. Be2 O-O 12. O-O Qg5 13. Bf3 h5 14. Nd5 Nxd5 15. exd5 h4 16. h3 d6 17. Kh2 Bf5 18. Qc1 Qf6 19. Qf4 g5 20. Qd2 Qg6 21. Bg4 Bxg4 22. hxg4 f5 23. f3 Rf7 24. Rf2 Raf8 25. Raf1 Rh7 26. Kh3 Rhf7 27. b3 fxg4+ 28. fxg4 Rxf2 29. Rxf2 Rxf2 30. Qxf2 Qd3+ 31. Qf3 Qxf3+ 32. gxf3 Kf7 33. f4 gxf4 34. Kxh4 Kg6 35. g5 f3 36. Kg3 Kxg5 37. Kxf3 Kf5 38. Ke3 Ke5 39. Kd3 Kxd5 40. a3 b5 41. b4 a6 0-1

[Event "IV Niterói Chess Open 2024"]
[Site "Rio de Janeiro"]
[Date "2024.08.28"]
[Round "1"]
[Board "51"]
[White "Martins De Aguiar, Marina"]
[Black "Serrao, Carlos Frederico Pacheco"]
[Result "1-0"]
[WhiteElo "1929"]
[BlackElo "1509"]
[Annotator "Chessbase"]
[PlyCount "25"]
[EventDate "2024.08.28"]
[EventRounds "7"]
[EventCountry "BRA"]

1. e4 c5 2. d4 cxd4 3. c3 g6 4. cxd4 Bg7 5. Nc3 e6 ({RR} 5... Nc6 6. d5 Nb8 7. Be3 d6 8. f4 Nf6 9. Nf3 O-O 10. Be2 Nbd7 11. O-O Nc5 12. Bxc5 dxc5 13. e5 Ne8 14. Ne4 Nc7 15. d6 exd6 16. Nxd6 b6 17. Bc4 Be6 18. Bxe6 fxe6 19. Nd2 Nd5 20. Qg4 {½-½ Kosteniuk,A (2527)-Hou,Y (2629) Beijing Sportaccord blitz (Women) 2013 (24)}) 6. Nb5 ({RR} 6. Nf3 Ne7 7. Be2 O-O 8. O-O d5 9. e5 Nbc6 10. Bg5 h6 11. Be3 f6 12. exf6 Rxf6 13. Qd2 Nf5 14. Bf4 Rf7 15. Ne5 Nxe5 16. Bxe5 Bxe5 17. dxe5 d4 18. Bc4 Bd7 19. Ne4 Bc8 20. Nf6+ Kg7 {1-0 Wang,L (2128)-Mamedjarova,T (2217) Titled Tue 25th Jun Early 2024 (10)}) 6... d5 7. Bf4 Na6 $146 ({RR} 7... Qa5+ 8. Qd2 Qxd2+ 9. Bxd2 Na6 10. e5 Nh6 11. Nd6+ Ke7 12. Bg5+ f6 13. Nxc8+ Raxc8 14. exf6+ Bxf6 15. Bxh6 Nb4 16. Rb1 Nc2+ 17. Kd2 Nxd4 18. Bd3 e5 19. Ne2 e4 20. Nxd4 Bxd4 21. Bc2 Bxf2 22. Bg5+ {1-0 Glotzbach,T (1730)-Radisic,S (1686) Muensterland Verbandsliga 1314 2013 (4.7)}) 8. Nd6+ Ke7 9. Qa4 Bh6 10. Bg3 Nf6 11. Qa3 Kf8 12. Nxb7+ Qe7 13. Bd6 1-0

[Event "IV Niterói Chess Open 2024"]
[Site "Rio de Janeiro"]
[Date "2024.08.29"]
[Round "3"]
[Board "13"]
[White "Terao, Juliana Sayumi"]
[Black "Santos, Valentim Do Carmo Ribeiro"]
[Result "1-0"]
[WhiteElo "2161"]
[BlackElo "1800"]
[Annotator "Chessbase"]
[PlyCount "59"]
[EventDate "2024.08.28"]
[EventRounds "7"]
[EventCountry "BRA"]

1. e4 c5 2. Nf3 Nc6 3. c3 Nf6 4. e5 Nd5 5. g3 Qc7 ({RR} 5... b6 6. Bg2 Ba6 7. d3 g6 8. O-O Bg7 9. Re1 O-O 10. d4 cxd4 11. Nxd4 e6 12. Nxc6 dxc6 13. Qa4 Qc8 14. Nd2 Rd8 15. Nf3 Rd7 16. Qh4 Qf8 17. Ng5 h6 18. Ne4 g5 19. Qh5 Bxe5 20. Nxg5 {½-½ Deviatkin,A (2570)-Najer,E (2672) RUS-ch Higher League 63rd 2010 (7)}) ({RR} 5... d6 6. exd6 Qxd6 7. Bg2 Qe6+ 8. Qe2 Qxe2+ 9. Kxe2 Bg4 10. h3 Bh5 11. d3 O-O-O 12. Nbd2 e5 13. Re1 f6 14. Ne4 Be7 15. g4 Bf7 16. Bd2 g5 17. Rad1 h5 18. Ng3 hxg4 19. hxg4 Bf8 20. Rh1 {0-1 Tymrakiewicz,R (2157)-Gascon Del Nogal,J (2460) Titled Tue 21st Feb Late 2023 (4)}) 6. d4 cxd4 7. cxd4 e6 $146 ({RR} 7... d6 8. Nc3 Nxc3 9. bxc3 Bg4 10. exd6 Qxd6 11. Bg2 Qe6+ 12. Be3 Qc4 13. Qb3 Qxb3 14. axb3 Bxf3 15. Bxf3 e6 16. O-O Bd6 17. Bxc6+ bxc6 18. Ra6 Kd7 19. Rfa1 Bb8 20. Bf4 Bxf4 21. gxf4 Kd6 22. Rxa7 {1-0 San Claudio Gonzalez,F (2273)-Villafane Roca,H (2230) Asturias-chT40 Preferente 1999 (10)}) ({RR} 7... Ncb4 8. Na3 d6 9. Bg2 g6 10. O-O Bg7 11. Re1 O-O 12. exd6 Qxd6 13. Nc4 Qc7 14. Ne3 Rd8 15. a3 Nxe3 16. Bxe3 Nd5 17. Rc1 Qb6 18. Qe2 Bf5 19. Rc5 Nxe3 20. fxe3 Be4 21. Kh1 Rac8 22. Rec1 {½-½ Goreskul,A (2195)-Morkunaite,E (2015) Moravia-ch op (Women) 1996}) 8. a3 b6 9. Be2 Bb7 10. O-O d6 11. Re1 Be7 12. b4 dxe5 13. dxe5 O-O 14. Bb2 Rfd8 15. Nbd2 Rac8 16. Qb1 h6 17. Rc1 Qb8 18. Qe4 Bf8 19. Bd3 g6 20. Qe2 Nce7 21. Ne4 Nf5 22. Bc4 Qa8 23. Nfd2 Kg7 24. Nd6 Nxd6 25. exd6+ Kg8 26. Qe5 f6 27. Qxe6+ Kg7 28. Bxd5 Bxd5 29. Qxf6+ Kg8 30. Qxg6+ 1-0

[Event "IV Niterói Chess Open 2024"]
[Site "Rio de Janeiro"]
[Date "2024.08.31"]
[Round "5"]
[Board "2"]
[White "Di Berardino, Diego Rafael"]
[Black "Quintiliano, Renato R."]
[Result "1/2-1/2"]
[WhiteElo "2472"]
[BlackElo "2499"]
[Annotator "Chessbase"]
[PlyCount "105"]
[EventDate "2024.08.28"]
[EventRounds "7"]
[EventCountry "BRA"]

1. e4 c5 2. c3 Nf6 3. e5 Nd5 4. d4 cxd4 5. Nf3 e6 6. cxd4 d6 7. Bc4 Nc6 8. O-O Be7 9. Qe2 O-O 10. Nc3 Nxc3 11. bxc3 dxe5 12. dxe5 Qc7 13. Re1 b6 14. Bd3 Bb7 15. Ng5 Bxg5 16. Bxg5 Nxe5 17. Qxe5 Qxe5 18. Rxe5 f6 19. Rxe6 fxg5 20. Re7 ({RR} 20. Bc4 Kh8 21. Re7 Rac8 22. Bb3 Ba8 23. h3 Rxc3 24. Rxa7 h6 25. Rd1 Bc6 26. Rd6 Rc1+ 27. Kh2 Rxf2 28. Rd8+ Kh7 29. Bg8+ Kg6 30. Rd6+ Kh5 31. Rxc6 Rxc6 32. Bd5 Rcc2 33. Kg3 Rf5 34. Bf3+ Rxf3+ {½-½ Hristodoulaki,A (1988)-Kaminski,V (2247) Titled Tue 16th Jul Early 2024 (9)}) 20... Rad8 $146 ({RR} 20... Bd5 21. c4 Bc6 22. Rae1 {½-½ Heimerdinger,J (2053)-Kunz,K (2112) Landesliga Nord 1617 2016 (5.3)}) ({RR} 20... Bd5 21. Re5 Bf7 22. Rxg5 Rac8 23. Rg3 Rc5 24. a4 Rfc8 25. Ra3 g6 26. Bb5 Rd8 27. Rd3 Rxd3 28. Bxd3 Rd5 29. Be2 Ra5 30. Bb5 a6 31. Bc6 b5 32. h4 Kf8 33. Ra1 Bb3 34. Ra3 bxa4 35. f4 {½-½ Bogdanov,E (2374)-Filip,L (2352) 4th La Nucia Open 2023 (6.1)}) 21. Bc2 Bd5 22. Rxa7 Bc4 23. Bb3 Bxb3 24. axb3 Rd3 25. Rc7 h6 26. f3 Rf6 27. h3 h5 28. Re1 g4 29. hxg4 hxg4 30. fxg4 Rf4 31. Re2 Rxg4 32. b4 Rd1+ 33. Kh2 Rd6 34. Re8+ Kh7 35. Re3 Rdg6 36. Re2 Rd6 37. Re3 Rdg6 38. g3 R4g5 39. Rd7 Rc6 40. Rde7 Rg4 41. R7e6 Rc7 42. Rxb6 Rgc4 43. b5 Rxc3 44. Rxc3 Rxc3 45. Rc6 Rb3 46. b6 g6 47. Rc7+ Kh6 48. b7 Kg5 49. Kg2 Kg4 50. Rc4+ Kg5 51. Rc7 Kg4 52. Rc4+ Kg5 53. Rc6 1/2-1/2